00594nam a22001457a 4500082001200000100002200012245012000034260003600154300002700190650004500217700002900262942001300291999001900304952012500323 a620.005 aKhan, Abdul Salam aTo Study the Effect of Strategic Risk Management on Supply Chain of Tile Industry of Pakistan /cAbdul Salam Khan. aIslamabad;bCEME - NUST,c2014. a82 p. :bill. ;c30cm. aEngineering Management MS-Thesis.916065 aDr. Mohsin Tiwana932910 2ddccTHE c536965d536965 00102ddc406620_005000000000000709499982aCLbCLcTHEd2020-10-19l0o620.005pCL-T-439r2020-10-19w2020-10-19yTHE